|
|
|
|
| LEADER |
00000nab#a22000007a#4500 |
| 001 |
arbauad031718 |
| 003 |
AR-BaUAD |
| 005 |
20250711112551.0 |
| 008 |
980626|||||||||###||||||b###|0###a|spa|| |
| 040 |
|
|
|a AR-BaUAD
|c AR-BaUAD
|b spa
|
| 100 |
|
|
|a Evans, Poppy
|
| 245 |
|
|
|a Collective genius /
|c Poppy Evans;
|
| 300 |
0 |
|
|b fot.
|
| 500 |
|
|
|a Artículo sobre el diseño de piezas promocionales, realizadas por Clare Ultimo para Broadway Video Design.
|
| 653 |
|
|
|a DISEÑO GRAFICO
|
| 653 |
|
|
|a PROMOCION
|
| 653 |
|
|
|a ULTIMO, CLARE
|
| 653 |
|
|
|a DISEÑADORES GRAFICOS
|
| 653 |
|
|
|a BROADWAY VIDEO DESIGN
|
| 653 |
|
|
|a ESTADOS UNIDOS
|
| 773 |
0 |
|
|t STEP BY STEP
|g vol.14, no. 3 [mayo-jun. 1998], p. 54-63
|
| 942 |
|
|
|c ARTI
|
| 952 |
|
|
|0 0
|1 0
|4 0
|7 0
|9 76637
|a AR-BAuAD
|b AR-BAuAD
|d 2025-07-11
|l 0
|p AAQA031718
|r 2025-07-11 11:25:51
|w 2025-07-11
|y ARTI
|
| 990 |
|
|
|a DG199
|b TD
|
| 998 |
|
|
|a AAQ
|b BIBUN76
|
| 999 |
|
|
|c 56310
|d 56310
|